Neurofilament ELISA validation

Background: Neurofilament proteins (Nf) are highly specific biomarkers for neuronal death and axonal degeneration. As these markers become more widely used, an inter-laboratory validation study is required to identify assay criteria for high quality performance. Methods: The UmanDiagnostics NF-light...

Teljes leírás

Elmentve itt :
Bibliográfiai részletek
Szerzők: Petzold Axel
Altintas Ayse
Andreoni Laura
Bartos Ales
Berthele Achim
Blankenstein Marinus A.
Buee Luc
Castellazzi Massimiliano
Cepok Sabine
Comabella Manuel
Constantinescu Cris S.
Deisenhammer Florian
Deniz Gunnur
Rajda Cecília
Vécsei László
et al
Dokumentumtípus: Cikk
Megjelent: 2010
Sorozat:JOURNAL OF IMMUNOLOGICAL METHODS 352 No. 1-2
doi:10.1016/j.jim.2009.09.014

mtmt:1319067
Online Access:http://publicatio.bibl.u-szeged.hu/9931
LEADER 03097nab a2200385 i 4500
001 publ9931
005 20220811110755.0
008 161116s2010 hu o 0|| zxx d
022 |a 0022-1759 
024 7 |a 10.1016/j.jim.2009.09.014  |2 doi 
024 7 |a 1319067  |2 mtmt 
040 |a SZTE Publicatio Repozitórium  |b hun 
041 |a zxx 
100 1 |a Petzold Axel 
245 1 0 |a Neurofilament ELISA validation  |h [elektronikus dokumentum] /  |c  Petzold Axel 
260 |c 2010 
300 |a 23-31 
490 0 |a JOURNAL OF IMMUNOLOGICAL METHODS  |v 352 No. 1-2 
520 3 |a Background: Neurofilament proteins (Nf) are highly specific biomarkers for neuronal death and axonal degeneration. As these markers become more widely used, an inter-laboratory validation study is required to identify assay criteria for high quality performance. Methods: The UmanDiagnostics NF-light (R) enzyme-linked immunoabsorbent assays (ELISA) for the neurofilament light chain (NfL, 68 kDa) was used to test the intra-assay and inter-laboratory coefficient of variation (CV) between 35 laboratories worldwide on 15 cerebrospinal fluid (CSF) samples. Critical factors, such as sample transport and storage, analytical delays, reaction temperature and time, the laboratories' accuracy and preparation of standards were documented and used for the statistical analyses. Results: The intra-laboratory CV averaged 3.3% and the inter-laboratory CV 59%. The results from the test laboratories correlated with those from the reference laboratory (R = 0.60, p < 0.0001). Correcting for critical factors improved the strength of the correlation. Differences in the accuracy of standard preparation were identified as the most critical factor. Correcting for the error introduced by variation in the protein standards improved the correlation to R = 0.98, p < 0.0001 with an averaged inter-laboratory CV of 14%. The corrected overall inter-rater agreement was subtantial (0.6) according to Fleiss' multi-rater kappa and Gwet's AC1 statistics. Conclusion: This multi-center validation study identified the lack of preparation of accurate and consistent protein standards as the main reason for a poor inter-laboratory CV. This issue is also relevant to other protein biomarkers based on this type of assay and will need to be solved in order to achieve an acceptable level of analytical accuracy. The raw data of this study is available online. (C) 2009 Elsevier B.V. All rights reserved. 
700 0 1 |a Altintas Ayse  |e aut 
700 0 1 |a Andreoni Laura  |e aut 
700 0 1 |a Bartos Ales  |e aut 
700 0 1 |a Berthele Achim  |e aut 
700 0 1 |a Blankenstein Marinus A.  |e aut 
700 0 1 |a Buee Luc  |e aut 
700 0 1 |a Castellazzi Massimiliano  |e aut 
700 0 1 |a Cepok Sabine  |e aut 
700 0 1 |a Comabella Manuel  |e aut 
700 0 1 |a Constantinescu Cris S.  |e aut 
700 0 1 |a Deisenhammer Florian  |e aut 
700 0 1 |a Deniz Gunnur  |e aut 
700 0 1 |a Rajda Cecília  |e aut 
700 0 1 |a Vécsei László  |e aut 
700 0 1 |a et al.  |e aut 
856 4 0 |u http://publicatio.bibl.u-szeged.hu/9931/1/Petzold_Neurofilament_Elisa_u.pdf  |z Dokumentum-elérés